Prithivir bibhinna bhasha/ (Record no. 2389)
[ view plain ]
| 000 -LEADER | |
|---|---|
| fixed length control field | 00589cam a2200229ua 4500 |
| 005 - DATE AND TIME OF LATEST TRANSACTION | |
| control field | 20250920092821.0 |
| 008 - FIXED-LENGTH DATA ELEMENTS--GENERAL INFORMATION | |
| fixed length control field | 110826n ii |||gr||||Z||||||asm |
| 020 ## - INTERNATIONAL STANDARD BOOK NUMBER | |
| International Standard Book Number | 86827-27-7 |
| 040 ## - CATALOGING SOURCE | |
| Transcribing agency | MAIN |
| 041 ## - LANGUAGE CODE | |
| Language code of sung or spoken text | Assamese |
| 082 ## - DEWEY DECIMAL CLASSIFICATION NUMBER | |
| Classification number | 400 |
| Item number | THA |
| 100 1# - MAIN ENTRY--PERSONAL NAME | |
| Personal name | Thakur, Nagen, |
| Relator term | Author |
| 245 1# - TITLE STATEMENT | |
| Title | Prithivir bibhinna bhasha/ |
| Statement of responsibility, etc. | by Nagen Thakur |
| 250 ## - EDITION STATEMENT | |
| Edition statement | 3rd. |
| 260 ## - PUBLICATION, DISTRIBUTION, ETC. | |
| Place of publication, distribution, etc. | Guahati: |
| Name of publisher, distributor, etc. | Jyoti Prakashan, |
| Date of publication, distribution, etc. | 2018. |
| 300 ## - PHYSICAL DESCRIPTION | |
| Extent | 170p: |
| Dimensions | 23cm. |
| 650 ## - SUBJECT ADDED ENTRY--TOPICAL TERM | |
| Topical term or geographic name entry element | Languages of the world |
| 942 ## - ADDED ENTRY ELEMENTS (KOHA) | |
| Koha item type | Books |
| Source of classification or shelving scheme | Dewey Decimal Classification |
| 653 ## - INDEX TERM--UNCONTROLLED | |
| Uncontrolled term | Language |
| 653 ## - INDEX TERM--UNCONTROLLED | |
| Uncontrolled term | Assamese language |
| 653 ## - INDEX TERM--UNCONTROLLED | |
| Uncontrolled term | Prithivir bibhinna bhasha |
| Withdrawn status | Lost status | Damaged status | Not for loan | Home library | Current library | Shelving location | Date acquired | Total Checkouts | Full call number | Barcode | Date last seen | Date last checked out | Copy number | Price effective from | Koha item type | Source of classification or shelving scheme | Collection code | Cost, normal purchase price |
|---|---|---|---|---|---|---|---|---|---|---|---|---|---|---|---|---|---|---|
| Central Library, Naharkatiya College | Central Library, Naharkatiya College | General Stacks | 19/09/2020 | 3 | 400 | THA | 9022 | 17/03/2026 | 06/03/2026 | 1 | 19/09/2020 | Books | |||||||
| Central Library, Naharkatiya College | Central Library, Naharkatiya College | General Stacks | 19/09/2020 | 400 | THA | 9023 | 19/09/2020 | 2 | 19/09/2020 | Books | |||||||||
| Central Library, Naharkatiya College | Central Library, Naharkatiya College | General Stacks | 20/09/2025 | 2 | 400 THA | 31042 | 02/04/2026 | 23/03/2026 | 3 | 20/09/2025 | Books | Dewey Decimal Classification | Assamese | 150.00 | ||||
| Central Library, Naharkatiya College | Central Library, Naharkatiya College | General Stacks | 20/09/2025 | 1 | 400 THA | 31043 | 03/11/2025 | 27/10/2025 | 4 | 20/09/2025 | Books | Dewey Decimal Classification | Assamese | 150.00 | ||||
| Central Library, Naharkatiya College | Central Library, Naharkatiya College | General Stacks | 20/09/2025 | 400 THA | 31044 | 20/09/2025 | 5 | 20/09/2025 | Books | Dewey Decimal Classification | Assamese | 150.00 |
